Expectations, perceptions, and attitudes toward future professional choices among BSBM students of Cavite State University-CCAT Campus : a multi-effect design / (Record no. 4780)
[ view plain ]
| 000 -LEADER | |
|---|---|
| fixed length control field | 01365nam a22002777a 4500 |
| 003 - CONTROL NUMBER IDENTIFIER | |
| control field | OSt |
| 005 - DATE AND TIME OF LATEST TRANSACTION | |
| control field | 20260305023250.0 |
| 008 - FIXED-LENGTH DATA ELEMENTS--GENERAL INFORMATION | |
| fixed length control field | 260305b |||||||| |||| 00| 0 eng d |
| 040 ## - CATALOGING SOURCE | |
| Language of cataloging | English. |
| Transcribing agency | CvSU-CCAT Campus Library. |
| Description conventions | rda. |
| 050 ## - LIBRARY OF CONGRESS CALL NUMBER | |
| Classification number | UM HF 5381 |
| Item number | C84 2024 |
| 100 ## - MAIN ENTRY--PERSONAL NAME | |
| Personal name | Cuevas, Mico, author. |
| 9 (RLIN) | 18831 |
| 245 ## - TITLE STATEMENT | |
| Title | Expectations, perceptions, and attitudes toward future professional choices among BSBM students of Cavite State University-CCAT Campus : a multi-effect design / |
| Statement of responsibility, etc. | Mico Cuevas, John Lawrence B. De Paula, Louisse Nicole Reyes. |
| 260 ## - PUBLICATION, DISTRIBUTION, ETC. | |
| Place of publication, distribution, etc. | Rosario, Cavite : |
| Name of publisher, distributor, etc. | Cavite State University-CCAT Campus, |
| Date of publication, distribution, etc. | 2024. |
| 300 ## - PHYSICAL DESCRIPTION | |
| Extent | xi, 80 leaves : |
| Other physical details | illustrations ; |
| Dimensions | 28 cm |
| 500 ## - GENERAL NOTE | |
| General note | Undergraduate Thesis (BSBM)--Cavite State University-CCAT Campus, 2024. |
| 504 ## - BIBLIOGRAPHY, ETC. NOTE | |
| Bibliography, etc. note | Includes bibliographical references and appendices. |
| 546 ## - LANGUAGE NOTE | |
| Language note | In English text |
| 650 ## - SUBJECT ADDED ENTRY--TOPICAL TERM | |
| Topical term or geographic name entry element | Career choice -- Philippines -- Cavite -- Case studies. |
| 9 (RLIN) | 18832 |
| 650 ## - SUBJECT ADDED ENTRY--TOPICAL TERM | |
| Topical term or geographic name entry element | Vocational guidance -- Philippines -- Cavite. |
| 9 (RLIN) | 18833 |
| 650 ## - SUBJECT ADDED ENTRY--TOPICAL TERM | |
| Topical term or geographic name entry element | Business students -- Career development. |
| 9 (RLIN) | 18834 |
| 650 ## - SUBJECT ADDED ENTRY--TOPICAL TERM | |
| Topical term or geographic name entry element | Occupational preferences -- Philippines -- Cavite. |
| 9 (RLIN) | 18835 |
| 700 ## - ADDED ENTRY--PERSONAL NAME | |
| Personal name | De Paula, John Lawrence B., author. |
| 9 (RLIN) | 18836 |
| 700 ## - ADDED ENTRY--PERSONAL NAME | |
| Personal name | Reyes, Louisse Nicole, author. |
| 9 (RLIN) | 18837 |
| 942 ## - ADDED ENTRY ELEMENTS (KOHA) | |
| Source of classification or shelving scheme | Library of Congress Classification |
| Koha item type | Thesis/Manuscripts/Dissertations |
| Classification part | HF 5381 C84 2024 |
| Call number prefix | UM |
| Withdrawn status | Lost status | Source of classification or shelving scheme | Damaged status | Not for loan | Collection code | Home library | Current library | Shelving location | Date acquired | Coded location qualifier | Total Checkouts | Full call number | Barcode | Date last seen | Copy number | Price effective from | Koha item type |
|---|---|---|---|---|---|---|---|---|---|---|---|---|---|---|---|---|---|
| Library of Congress Classification | Thesis/Manuscript/Dissertation | Cavite State University - CCAT Campus | Cavite State University - CCAT Campus | TH | 09/24/2025 | UM | UM HF 5381 C84 2024 | T0005494 | 03/05/2026 | 1 | 03/05/2026 | Thesis/Manuscripts/Dissertations |
